000 01238nam a22003497a 4500
003 CHAP
005 20220817044516.0
008 120301s1990 cl a r 00010 spa d
010 _a102874
011 _a103846
035 _a114535
040 _cCHAP
090 _aFolleto 18174
111 2 _aTaller Sobre la Integracion de la Mujer en la Pesca Artesanal Pacifico Sur- Oriental (
_d1990 :
_cConcepción, Chile)
_9111483
245 1 3 _aInforme taller sobre la integración de la mujer en la pesca artesanal pacifico sur- oriental :
_c/por Olga Mora M. ...[et al.]
260 _aChile :
_bFAO,
_c2008
300 _a57 p. :
_bTablas
500 _aConcepción,4-6 de septiembre de 1990
590 _aBATCH-UPD
_b10
_c20130110
_lUCH01
_h1056
590 _aBATCH-UPD
_b10
_c20130410
_lUCH01
_h0651
590 _aBATCH-UPD
_b10
_c20130914
_lUCH01
_h1202
590 _aCONVERSION
_b10
_c20130109
_lUCH01
_h1357
650 1 4 _aAcuicultura.
_9758
650 1 4 _aDesarrollo pesquero.
_932064
650 1 4 _aEnfoque de género.
_936945
650 1 4 _aPesca artesanal.
_987431
650 1 4 _aPesca.
700 1 _aMora M., Olga
_978153
901 _aBK
942 _cFOLL
949 _aFolleto 18174
_bBC
_cFOLL
_d33724002101231
_eTS1
_gDonaciØn
_i114535
_sb
999 _c102874
_d102874